Los mundos mágicos de El señor de los anillos: mitos, leyendas y datos fascinantes
Zapisane w:
| 1. autor: | |
|---|---|
| Format: | Książka |
| Język: | hiszpański |
| Wydane: |
Barcelona
Ediciones B
2003
|
| Wydanie: | 1a. ed |
| Hasła przedmiotowe: | |
| Etykiety: |
Dodaj etykietę
Nie ma etykietki, Dołącz pierwszą etykiete!
|
MARC
| LEADER | 00000nam a2200000 a 4500 | ||
|---|---|---|---|
| 001 | UCJ1224 | ||
| 003 | CL-VaPUC | ||
| 008 | 061006e20030000SP |||||||||||||||||spa|d | ||
| 020 | |a 8466615237 | ||
| 082 | 0 | 4 | |a 823.9 |b COL |2 21 |
| 100 | 0 | |a Colbert, David |e author |9 501743 | |
| 245 | 1 | 4 | |a Los mundos mágicos de El señor de los anillos: mitos, leyendas y datos fascinantes |
| 250 | |a 1a. ed | ||
| 300 | |a 206 p | ||
| 942 | |c BK | ||
| 945 | |d 20061006 00:00:00 |a cmena | ||
| 260 | |a Barcelona |b Ediciones B |c 2003 | ||
| 650 | 7 | |a NOVELA INGLESA |2 CL-VaPUC |9 309260 | |
| 650 | 0 | |a Crítica e interpretación literaria |9 266284 | |
| 650 | 0 | |a Mitología |9 255719 | |
| 583 | |a last modification |c 20061006 00:00:00 |k Rodrigo Vera | ||
| 999 | |c 317883 |d 317881 | ||
| 952 | |0 0 |1 0 |4 0 |6 823_900000000000000_COL_2003 |7 0 |8 A |9 394913 |a BIBEDU |b BIBEDU |d 2019-11-22 |i 4276361 |o 823.9 COL 2003 |p 4276361 |r 2019-11-22 |w 2019-11-22 |y BK |k EBA | ||